000 00863cam a2200229I 4500
001 34219
003 GBCCL
005 20241126110414.0
008 720214s1947 xx 000 0 eng u
035 _a(OCoLC)00242045
040 _cYNG
_dOCL
049 _aLBBK
_c1-2
_v1-8
_aLBBU
_v1-8
_aLBBT
_v1-8
_aLBBC
_v1-8
082 _a230.046
_bCHA
092 _a230
_bC433
100 1 _aChafer, Lewis Sperry,
_d1871-1952.
_93010
245 1 0 _aSystematic theology.
260 _aDallas,
_bDallas Seminary Press
_c[c1947]
300 _a8 v.
_bport.
505 0 _av.1. Prolegomena. Bibliology. Theology proper.--v.2. Angelology. Anthropology. Hamartiology.--v.3. Soteriology.--v.4. Ecclesiology. Eschatology.--v.5. Christology.--v.6. Pneumatology.--v.7. Doctrinal summarization.--v.8. Biographical sketch and indexes.
650 0 _aTheology, Doctrinal.
_914
942 _2ddc
_cBK
_047
999 _c1985
_d1985